Biggest Cities in Idaho - Statistics

General Stats
  • This quiz has been taken 37 times
    31 since last reset
  • The average score is 9 of 15
Answer Stats
Rank City % Correct
# 1 Boise
100%
# 3 Nampa
96%
# 4 Idaho Falls
92%
# 5 Pocatello
92%
# 2 Meridian
79%
# 8 Twin Falls
79%
# 13 Moscow
63%
# 6 Caldwell
54%
# 10 Lewiston
54%
# 11 Rexburg
54%
# 12 Eagle
42%
# 14 Kuna
33%
# 9 Post Falls
33%
# 15 Ammon
25%
# 7 Coeur D'Alene
21%
No matching quizzes found
Score Distribution
Percent of People with Each Score
Percentile by Number Answered
Your Score History
You have not taken this quiz since the last reset